书目信息 |
| 书名: | The language of national defense in English | |
| 作者: | Robert W. Nicholson, Jr., Ralph R. Williams. | |
| 分册号: | ||
| 分册名: | 出版地: | New York : |
|
| 出版社: | Regents | |
| 出版时间: | 1978. | |
| 页数: | 100 p. | |
| 开本: | ||
| 丛书名: | English for careers | |
| 中图分类号: | ||
| 科图分类号: | ||
| 其他分类号: | H31 | |
| 主题词: | ||
| 电子资源: | ||
| 000 | 00559nam 22001937a 4500 | |
| 001 | E0761867263 | |
| 005 | 20070227171313.04 | |
| 008 | 030409s1978 nyua 001 0 eng d | |
| 020 | @a0883453274 :@cCNY0.70. | |
| 040 | @aNUL@cNUL | |
| 090 | @aJ688.4/W518 | |
| 090 | @aH31 | |
| 099 | @dH31@ex127 | |
| 100 | 1 | @aNicholson, Robert W. |
| 245 | 14 | @aThe language of national defense in English / @cRobert W. Nicholson, Jr., Ralph R. Williams. |
| 260 | @aNew York :@bRegents,@c1978. | |
| 300 | @a100 p. | |
| 440 | 0 | @aEnglish for careers |
| 920 | @a232010@z2 | |
| The language of national defense in English / / Robert W. Nicholson, Jr., Ralph R. Williams.-New York : : Regents, , 1978. |
| 100 p.- (English for careers ) |
| ISBN 0883453274 :CNY0.70. |
| ● |
| 相关链接 |
|
|
|
|
正题名:language of national defense in English
索取号:H31/x127
 
预约/预借
| 序号 | 登录号 | 条形码 | 馆藏地/架位号 | 状态 | 备注 |
| 1 | 45891 | 001037844 | 第四借阅区/ [索取号:H31/x127] | 在馆 |